000 00550nam a2200205Ia 4500
003 GCL
008 140319s9999 xx 000 0 ara d
040 _aGCL /
_cGCL
082 0 4 _a813.01
_bى ع
100 1 _aيوسف ادريس
245 1 0 _aعزف منفرد /
_cيوسف ادريس
300 _a152 ص
490 _a100 قصة
_v0
650 0 4 _aالادب العربى
650 0 4 _aالادب
650 0 4 _aالمقالات العربية
650 0 4 _aمقالات ومحاضرات
650 0 4 _aتاريخ ونقد
942 _2ddc
_cBK
999 _c46229
_d46229